000 00217nam a22001097a 4500
100 _aDevi, Shakuntala
245 _aMore Puzzles
250 _a2012
260 _bOrient publication
300 _a199
942 _2ddc
_cBK
999 _c11025
_d11025